[Event "Netanya Masters 2019"]
[Site "Netanya ISR"]
[Date "2019.07.01"]
[Round "8"]
[White "Rodshtein, M."]
[Black "Smirin, I."]
[Result "1/2-1/2"]
[WhiteElo "2685"]
[BlackElo "2594"]
[PlyCount "31"]
[EventDate "2019.06.23"]

1. d4 Nf6 2. c4 e6 3. Nf3 a6 4. Nc3 d5 5. cxd5 exd5 6. Bg5 Be6 7. e3 Nbd7 8.
Bd3 Bd6 9. Bf4 Bxf4 10. exf4 Bg4 11. Qe2+ Kf8 12. O-O c6 13. Rfe1 g6 14. h3
Bxf3 15. Qxf3 Kg7 16. g4 1/2-1/2

[Event "Netanya Masters 2019"]
[Site "Netanya ISR"]
[Date "2019.07.02"]
[Round "9"]
[White "Nabaty, T."]
[Black "Dubov, Daniil"]
[Result "1/2-1/2"]
[WhiteElo "2678"]
[BlackElo "2700"]
[PlyCount "70"]
[EventDate "2019.06.23"]

1. d4 Nf6 2. Nf3 g6 3. Nbd2 d5 4. b3 Bg7 5. Bb2 O-O 6. c4 c6 7. e3 Ne4 8. Rc1
Bg4 9. Be2 Nxd2 10. Qxd2 e6 11. O-O Nd7 12. h3 Bxf3 13. Bxf3 Re8 14. Rfd1 a6
15. Ba3 Bf8 16. Bxf8 Rxf8 17. Qb4 Rb8 18. Qd6 Re8 19. Rc2 a5 20. Rb1 Ra8 21. b4
axb4 22. Rxb4 Ra7 23. Rcb2 Qc8 24. cxd5 cxd5 25. Be2 Nf6 26. Bb5 Rd8 27. Qe7
Ne4 28. Bc6 Nd6 29. Rb6 Qb8 30. Rb1 Rf8 31. Bxb7 Nc4 32. R6b4 Qd6 33. Qxd6 Nxd6
34. Rb6 Nxb7 35. Rxb7 Rxa2 1/2-1/2

[Event "Netanya Masters 2019"]
[Site "Netanya ISR"]
[Date "2019.07.02"]
[Round "9"]
[White "Smirin, I."]
[Black "Eljanov, P."]
[Result "0-1"]
[WhiteElo "2594"]
[BlackElo "2655"]
[PlyCount "110"]
[EventDate "2019.06.23"]

1. e4 c5 2. Nf3 Nc6 3. Bb5 g6 4. c3 Nf6 5. Qe2 e5 6. O-O Bg7 7. Bxc6 bxc6 8.
Nxe5 O-O 9. Nf3 Re8 10. d3 d5 11. Bg5 Qb6 12. Bxf6 Bxf6 13. e5 Bg4 14. d4 Bxf3
15. Qxf3 Bxe5 16. dxe5 Qxb2 17. Na3 Qxa3 18. Qe3 Rad8 19. f4 d4 20. Qf2 Qxc3
21. Rac1 Qa3 22. f5 Qe3 23. Rxc5 gxf5 24. Re1 Qxf2+ 25. Kxf2 Re6 26. Rd1 Kg7
27. Rc4 Rxe5 28. Rdxd4 Rxd4 29. Rxd4 Ra5 30. a4 Rd5 31. Ke3 Kf6 32. Rh4 Kg6 33.
Rc4 c5 34. a5 Kg5 35. g3 h5 36. a6 Kf6 37. Rh4 Ke6 38. Ke2 Rd6 39. Rxh5 Rxa6
40. Kd3 Ra4 41. Rh6+ f6 42. Rh7 Rd4+ 43. Kc3 f4 44. gxf4 Kf5 45. Rxa7 Kxf4 46.
h4 f5 47. Rc7 Rd5 48. Rh7 Kg4 49. h5 Kg5 50. Kc4 Rd6 51. Kxc5 Rh6 52. Rg7+ Kf4
53. Kd4 Rxh5 54. Kd3 Kf3 55. Rg1 Rh2 0-1

[Event "Netanya Masters 2019"]
[Site "Netanya ISR"]
[Date "2019.07.02"]
[Round "9"]
[White "Postny, E."]
[Black "Rodshtein, M."]
[Result "1/2-1/2"]
[WhiteElo "2601"]
[BlackElo "2685"]
[PlyCount "121"]
[EventDate "2019.06.23"]

1. d4 Nf6 2. c4 g6 3. Nc3 d5 4. Bf4 Bg7 5. e3 c5 6. dxc5 Qa5 7. Rc1 dxc4 8.
Bxc4 O-O 9. Nge2 Qxc5 10. Qb3 Qa5 11. O-O Nbd7 12. Qb5 Qxb5 13. Nxb5 Nb6 14.
Nc7 Rb8 15. Bb3 Bd7 16. Nc3 Rbc8 17. N7d5 Nfxd5 18. Nxd5 Nxd5 19. Bxd5 Bxb2 20.
Rb1 Rc2 21. Bb3 Rd2 22. e4 Re2 23. Bd1 Rxe4 24. Rxb2 Rxf4 25. Rxb7 Rd8 26. Bf3
e5 27. Rxa7 Bb5 28. Rb1 Bc4 29. Ra4 Rd2 30. Re1 Rfd4 31. h3 f6 32. Rc1 Bxa2 33.
Rc8+ Kg7 34. Rc7+ Kh6 35. Raa7 Bg8 36. Rc8 Rd8 37. Rxd8 Rxd8 38. Re7 Rd3 39. h4
Rc3 40. Bb7 Ra3 41. Bc6 Rc3 42. Bf3 Bb3 43. Kh2 Rd3 44. Kg1 Bc2 45. Re6 Kg7 46.
Re7+ Kg8 47. h5 gxh5 48. Bxh5 Rd4 49. Rc7 Bf5 50. Bf7+ Kf8 51. Bh5 Bd7 52. Bf3
Ke7 53. Ra7 Rc4 54. Be2 Rc1+ 55. Kh2 Kd6 56. Ra6+ Bc6 57. Bf3 f5 58. Bxc6 Rxc6
59. Ra7 Rc7 60. Ra5 Rc2 61. f4 1/2-1/2

[Event "Netanya Masters 2019"]
[Site "Netanya ISR"]
[Date "2019.07.02"]
[Round "9"]
[White "McShane, L."]
[Black "Svidler, P."]
[Result "0-1"]
[WhiteElo "2688"]
[BlackElo "2737"]
[PlyCount "90"]
[EventDate "2019.06.23"]

1. e4 e5 2. Nf3 Nc6 3. d4 exd4 4. Nxd4 Nf6 5. Nc3 Bb4 6. Nxc6 bxc6 7. Bd3 d5 8.
exd5 O-O 9. O-O Bg4 10. f3 Bh5 11. Bg5 cxd5 12. Ne2 Bg6 13. Kh1 Rb8 14. b3 Re8
15. c4 Bxd3 16. Qxd3 dxc4 17. Qxc4 Qd5 18. Qxd5 Nxd5 19. Rfd1 Rxe2 20. Rxd5
Rbe8 21. Bh4 Bc3 22. Rad1 Rxa2 23. Bg3 Ba5 24. Rc5 Bb6 25. Rcc1 c5 26. Bd6 Rd8
27. h4 h5 28. Rd3 a5 29. Kh2 Rxd6 30. Rxd6 Bc7 31. Rcd1 Rb2 32. Kh3 Bxd6 33.
Rxd6 Rxb3 34. Rd8+ Kh7 35. Rd5 Rb5 36. Rxh5+ Kg6 37. Rh8 a4 38. Ra8 Rb4 39. Kg3
c4 40. Kf2 c3 41. Rc8 Rb2+ 42. Ke3 c2 43. Kd2 a3 44. Kc1 Rb1+ 45. Kxc2 a2 0-1

[Event "Netanya Masters 2019"]
[Site "Netanya ISR"]
[Date "2019.07.02"]
[Round "9"]
[White "Dominguez Perez, L."]
[Black "Gelfand, B."]
[Result "1/2-1/2"]
[WhiteElo "2760"]
[BlackElo "2676"]
[PlyCount "27"]
[EventDate "2019.06.23"]

1. e4 c5 2. Nf3 Nc6 3. Bb5 g6 4. Bxc6 bxc6 5. O-O Bg7 6. Re1 Nh6 7. c3 O-O 8.
h3 f5 9. e5 Nf7 10. d3 a5 11. Na3 Ba6 12. Bf4 e6 13. Qd2 h6 14. h4 1/2-1/2

[Event "Croatia GCT 2019"]
[Site "Zagreb CRO"]
[Date "2019.06.29"]
[Round "4"]
[White "Nepomniachtchi, Ian"]
[Black "Karjakin, Sergey"]
[Result "1/2-1/2"]
[WhiteElo "2775"]
[BlackElo "2748"]
[PlyCount "70"]
[EventDate "2019.06.26"]

1. e4 e5 2. Nf3 Nc6 3. Bc4 Bc5 4. c3 Nf6 5. d3 d6 6. O-O a6 7. Bb3 Ba7 8. h3 h6
9. Re1 g5 10. Nh2 Rg8 11. Be3 g4 12. hxg4 Nxg4 13. Qf3 Rg7 14. Bxa7 Nxh2 15.
Kxh2 Qh4+ 16. Kg1 Bg4 17. Qe3 Nxa7 18. Nd2 Nc6 19. g3 Qh3 20. Bd1 Bxd1 21.
Raxd1 O-O-O 22. Qf3 Rh8 23. Nf1 h5 24. Ne3 h4 25. Qf5+ Qxf5 26. Nxf5 Rg5 27.
Re3 Kd7 28. Kg2 hxg3 29. Rxg3 Rxg3+ 30. Kxg3 Ne7 31. Nxe7 Kxe7 32. Kf3 Rh3+ 33.
Kg2 Rh8 34. Kf3 Rh3+ 35. Kg2 Rh8 1/2-1/2

[Event "Croatia GCT 2019"]
[Site "Zagreb CRO"]
[Date "2019.06.29"]
[Round "4"]
[White "Carlsen, Magnus"]
[Black "Mamedyarov, Shakhriyar"]
[Result "1/2-1/2"]
[WhiteElo "2875"]
[BlackElo "2774"]
[PlyCount "117"]
[EventDate "2019.06.26"]

1. Nf3 Nf6 2. c4 g6 3. Nc3 d5 4. cxd5 Nxd5 5. h4 Nxc3 6. bxc3 Bg7 7. h5 c5 8.
Rb1 b6 9. e4 O-O 10. hxg6 hxg6 11. d4 Bb7 12. Ng5 cxd4 13. Qg4 Nd7 14. Qh3 Nf6
15. e5 Nh5 16. e6 Qd5 17. exf7+ Rxf7 18. Bd3 Qe5+ 19. Kd1 dxc3 20. Nxf7 Kxf7
21. Re1 c2+ 22. Bxc2 Rd8+ 23. Bd2 Qd6 24. Qe3 Nf4 25. Kc1 Bh6 26. Kb2 Rc8 27.
Rbc1 e6 28. Kb1 Bxg2 29. Bb3 Rxc1+ 30. Bxc1 Bh3 31. Bb2 Bf5+ 32. Ka1 Bg7 33.
Bxg7 Kxg7 34. Rd1 Nd3 35. Bc4 Qe5+ 36. Qxe5+ Nxe5 37. Be2 g5 38. Rc1 Kf6 39.
Rc7 Bd3 40. Bxd3 Nxd3 41. Rxa7 Nxf2 42. Rb7 g4 43. Rxb6 g3 44. a4 Ne4 45. Rb1
Nc5 46. a5 Ke5 47. Kb2 Kf4 48. Kc3 g2 49. Kc4 Na6 50. Kb5 Nb8 51. Kc4 Na6 52.
Kb5 Nb8 53. Kc4 Na6 54. Rg1 Kg3 55. Kd4 Kf2 56. Rxg2+ Kxg2 57. Ke5 Nc5 58. a6
Nxa6 59. Kxe6 1/2-1/2

[Event "Croatia GCT 2019"]
[Site "Zagreb CRO"]
[Date "2019.06.29"]
[Round "4"]
[White "So, Wesley"]
[Black "Anand, Viswanathan"]
[Result "1/2-1/2"]
[WhiteElo "2754"]
[BlackElo "2767"]
[PlyCount "53"]
[EventDate "2019.06.26"]

1. c4 e5 2. g3 Nf6 3. Bg2 c6 4. d4 e4 5. Bg5 d5 6. Bxf6 Qxf6 7. Nc3 Bb4 8. e3
O-O 9. Nge2 Be6 10. O-O Qe7 11. Nf4 Bxc3 12. bxc3 Nd7 13. Qb3 Nb6 14. cxd5 cxd5
15. Rfb1 g5 16. Nxe6 fxe6 17. a4 Rab8 18. Ra2 Qc7 19. Bf1 Rfc8 20. Qb4 Nc4 21.
Bxc4 Qxc4 22. Qe7 Qxa2 23. Qxe6+ Kg7 24. Qe7+ Kg6 25. Qe6+ Kg7 26. Qe7+ Kg6 27.
Qe6+ 1/2-1/2

[Event "Croatia GCT 2019"]
[Site "Zagreb CRO"]
[Date "2019.06.29"]
[Round "4"]
[White "Aronian, Levon"]
[Black "Caruana, Fabiano"]
[Result "1/2-1/2"]
[WhiteElo "2752"]
[BlackElo "2819"]
[PlyCount "73"]
[EventDate "2019.06.26"]

1. d4 Nf6 2. Nf3 d5 3. e3 c5 4. Nbd2 cxd4 5. exd4 Bf5 6. Ne5 Nbd7 7. Ndf3 e6 8.
c3 Be7 9. Bf4 O-O 10. Qb3 Nxe5 11. Bxe5 Ne4 12. Be2 f6 13. Bf4 g5 14. Be3 b5
15. a4 bxa4 16. Qxa4 Bd6 17. Ra2 a5 18. O-O Qb8 19. Kh1 h5 20. c4 h4 21. h3 Bb4
22. Raa1 Ra7 23. Rac1 Rg7 24. cxd5 exd5 25. Qb5 Qd6 26. Qa6 Qe7 27. Bd3 Kh8 28.
Ng1 Bh7 29. Bxe4 Qxe4 30. Rc8 Rxc8 31. Qxc8+ Rg8 32. Qa6 Be7 33. Re1 Bd8 34.
Qd6 Be7 35. Qa6 Bd8 36. Qd6 Be7 37. Qa6 1/2-1/2

[Event "Croatia GCT 2019"]
[Site "Zagreb CRO"]
[Date "2019.06.29"]
[Round "4"]
[White "Vachier-Lagrave, Maxime"]
[Black "Giri, Anish"]
[Result "1/2-1/2"]
[WhiteElo "2779"]
[BlackElo "2779"]
[PlyCount "91"]
[EventDate "2019.06.26"]

1. e4 e5 2. Nf3 Nc6 3. Bb5 a6 4. Ba4 Nf6 5. O-O Nxe4 6. d4 b5 7. Bb3 d5 8. dxe5
Be6 9. c3 Be7 10. Bc2 Bg4 11. Qe1 Nc5 12. Nd4 Nxd4 13. cxd4 Ne6 14. Qd2 O-O 15.
Nc3 f5 16. Qd3 Kh8 17. Bb3 c6 18. h3 Bh5 19. f4 g5 20. Kh2 gxf4 21. Bd1 Bxd1
22. Qxd1 Bg5 23. Ne2 Ra7 24. Bxf4 Rg7 25. Qd2 Rfg8 26. Bxg5 Rxg5 27. Rf2 c5 28.
b4 cxb4 29. Qxb4 R5g6 30. Qc3 Qh4 31. Raf1 f4 32. Qf3 Rg3 33. Qxd5 Ng5 34. Nxf4
Nxh3 35. Qxg8+ Rxg8 36. Nxh3 Qxd4 37. e6 Qd6+ 38. Nf4 Rf8 39. g3 Rxf4 40. gxf4
Qxe6 41. f5 Qh6+ 42. Kg3 Qg5+ 43. Kh3 Qh5+ 44. Kg3 Qg5+ 45. Kh3 Qh5+ 46. Kg3
1/2-1/2

[Event "Croatia GCT 2019"]
[Site "Zagreb CRO"]
[Date "2019.06.29"]
[Round "4"]
[White "Ding, Liren"]
[Black "Nakamura, Hikaru"]
[Result "1/2-1/2"]
[WhiteElo "2805"]
[BlackElo "2754"]
[PlyCount "89"]
[EventDate "2019.06.26"]

1. d4 d5 2. c4 dxc4 3. Nf3 Nf6 4. e3 e6 5. Bxc4 a6 6. O-O c5 7. b3 cxd4 8. Nxd4
Be7 9. Bb2 O-O 10. Nd2 b5 11. Be2 Bb7 12. Bf3 Ra7 13. Rc1 Qd7 14. Qe2 Bxf3 15.
N2xf3 Rc8 16. Ne5 Qe8 17. Rxc8 Qxc8 18. Rc1 Rc7 19. Rxc7 Qxc7 20. Nd3 Qa5 21.
Ba1 Qc7 22. Qc2 Qxc2 23. Nxc2 Nfd7 24. Kf1 Nc6 25. Nd4 Nxd4 26. Bxd4 f5 27. Ke2
Bd6 28. f4 Kf7 29. h3 g6 30. Kd2 Ke7 31. Kc3 Kd8 32. Be5 Be7 33. Kd4 Kc8 34. e4
fxe4 35. Kxe4 Nc5+ 36. Nxc5 Bxc5 37. g4 Kd7 38. f5 gxf5+ 39. gxf5 Ke7 40. a4
bxa4 41. bxa4 Ba3 42. Bd4 Bb4 43. Be5 Ba3 44. Bd4 Bb4 45. Be5 1/2-1/2

[Event "Croatia GCT 2019"]
[Site "Zagreb CRO"]
[Date "2019.06.30"]
[Round "5"]
[White "Nakamura, Hikaru"]
[Black "Nepomniachtchi, Ian"]
[Result "1/2-1/2"]
[WhiteElo "2754"]
[BlackElo "2775"]
[PlyCount "129"]
[EventDate "2019.06.26"]

1. d4 Nf6 2. c4 g6 3. Nc3 d5 4. cxd5 Nxd5 5. Na4 Bf5 6. f3 Nb6 7. e4 Nxa4 8.
Qxa4+ Bd7 9. Qb3 Bg7 10. Be3 O-O 11. d5 b6 12. Rd1 Qe8 13. Rd2 c6 14. Ne2 e6
15. dxc6 Nxc6 16. Qa3 Ne5 17. Nc3 b5 18. Qa6 b4 19. Nd1 Qe7 20. Be2 Rfd8 21.
O-O Bc8 22. Rxd8+ Qxd8 23. Qa4 a5 24. Nf2 Bd7 25. Qd1 Nc6 26. b3 Be8 27. Qxd8
Rxd8 28. Rd1 Bd4 29. Bxd4 Nxd4 30. Kf1 Kf8 31. e5 Bc6 32. Ng4 Ke7 33. Nf6 h5
34. Rc1 Kf8 35. Kf2 a4 36. bxa4 Bxa4 37. Rc7 b3 38. axb3 Bxb3 39. Ke3 Ba4 40.
Bd3 Nc6 41. Nd7+ Ke8 42. Nf6+ Kf8 43. Bc2 Bb5 44. Kf4 Ne7 45. Nh7+ Ke8 46. Nf6+
Kf8 47. Be4 Rc8 48. Ra7 Bc6 49. Kg5 Bxe4 50. Nxe4 Nc6 51. Rb7 Kg7 52. Nd6 Rf8
53. f4 Nd4 54. Rd7 Nf5 55. Nxf5+ gxf5 56. Rd3 Ra8 57. Rg3 f6+ 58. Kxh5+ Kf7 59.
Rg6 fxe5 60. fxe5 Ra5 61. Kh6 Rxe5 62. Rg7+ Kf6 63. Rg6+ Kf7 64. Rg7+ Kf6 65.
Rg6+ 1/2-1/2

[Event "Croatia GCT 2019"]
[Site "Zagreb CRO"]
[Date "2019.06.30"]
[Round "5"]
[White "Karjakin, Sergey"]
[Black "Carlsen, Magnus"]
[Result "1/2-1/2"]
[WhiteElo "2748"]
[BlackElo "2875"]
[PlyCount "84"]
[EventDate "2019.06.26"]

1. d4 d5 2. c4 e6 3. Nf3 a6 4. cxd5 exd5 5. Nc3 h6 6. Bf4 Nf6 7. e3 Bd6 8. Be5
Be6 9. Qb3 Ra7 10. Bd3 Bxe5 11. Nxe5 O-O 12. O-O Nbd7 13. f4 c5 14. f5 c4 15.
Qa3 cxd3 16. fxe6 fxe6 17. Nxd3 Ra8 18. Qd6 Qb6 19. Qxb6 Nxb6 20. Nc5 Rf7 21.
b3 Re8 22. Rac1 e5 23. h3 Nc8 24. Nd3 exd4 25. exd4 Na7 26. Nf4 Nc6 27. Nfxd5
Nxd5 28. Nxd5 Rd7 29. Rc5 Nxd4 30. Rd1 Ne6 31. Rc4 Red8 32. Re1 Rxd5 33. Rxe6
R8d6 34. Rxd6 Rxd6 35. a4 b6 36. b4 Rd1+ 37. Kf2 Ra1 38. Rc6 Ra2+ 39. Kf3 Ra3+
40. Kf2 Ra2+ 41. Kf3 Ra3+ 42. Kf2 Ra2+ 1/2-1/2

[Event "Croatia GCT 2019"]
[Site "Zagreb CRO"]
[Date "2019.06.30"]
[Round "5"]
[White "Caruana, Fabiano"]
[Black "So, Wesley"]
[Result "1/2-1/2"]
[WhiteElo "2819"]
[BlackElo "2754"]
[PlyCount "82"]
[EventDate "2019.06.26"]

1. e4 e5 2. Nf3 Nc6 3. Bc4 Bc5 4. c3 Nf6 5. d3 d6 6. O-O O-O 7. h3 a6 8. a4 h6
9. Re1 Ba7 10. Nbd2 Re8 11. b4 Be6 12. Bxe6 Rxe6 13. Nb3 Ne7 14. Nh4 d5 15. Qe2
Rd6 16. Nc5 Bxc5 17. bxc5 Re6 18. Qf3 dxe4 19. dxe4 Qd7 20. a5 Rd8 21. Rb1 Qc6
22. Qe3 Kh7 23. Rb4 Ng6 24. Nxg6 fxg6 25. f3 Nh5 26. Qf2 g5 27. Kh2 Nf4 28.
Bxf4 gxf4 29. Reb1 Rd3 30. Rxb7 Rxc3 31. Rb8 Qxc5 32. Qh4 Qe7 33. Qg4 Rc2 34.
Qf5+ g6 35. Qf8 Qxf8 36. Rxf8 Kg7 37. Rbb8 Rd6 38. Rg8+ Kh7 39. Rh8+ Kg7 40.
Rhg8+ Kh7 41. Rh8+ Kg7 1/2-1/2

[Event "Croatia GCT 2019"]
[Site "Zagreb CRO"]
[Date "2019.06.30"]
[Round "5"]
[White "Anand, Viswanathan"]
[Black "Vachier-Lagrave, Maxime"]
[Result "1/2-1/2"]
[WhiteElo "2767"]
[BlackElo "2779"]
[PlyCount "85"]
[EventDate "2019.06.26"]

1. e4 c5 2. Nf3 d6 3. Bb5+ Bd7 4. Bxd7+ Nxd7 5. O-O Ngf6 6. Qe2 Rc8 7. b3 g6 8.
Bb2 e5 9. d3 Bg7 10. Nc3 Nf8 11. Nd2 Ne6 12. Nc4 a6 13. a4 O-O 14. g3 Nd4 15.
Qd1 Qd7 16. Ne3 Rce8 17. Rb1 h5 18. Ncd5 Nxd5 19. Nxd5 Nc6 20. Bc1 f5 21. f3
Ne7 22. Nxe7+ Rxe7 23. Bg5 Ref7 24. Qe2 Kh7 25. Kg2 Bh6 26. Bxh6 Kxh6 27. exf5
Rxf5 28. b4 cxb4 29. Rxb4 R8f7 30. d4 Qc6 31. dxe5 Rxe5 32. Qc4 Rc7 33. Qxc6
Rxc6 34. Rxb7 Re2+ 35. Rf2 Rxf2+ 36. Kxf2 Rxc2+ 37. Ke3 Rc4 38. Rb6 Rxa4 39.
Rxd6 Ra3+ 40. Kf4 Ra4+ 41. Ke3 Ra3+ 42. Kf4 Ra4+ 43. Ke3 1/2-1/2

[Event "Croatia GCT 2019"]
[Site "Zagreb CRO"]
[Date "2019.06.30"]
[Round "5"]
[White "Giri, Anish"]
[Black "Ding, Liren"]
[Result "0-1"]
[WhiteElo "2779"]
[BlackElo "2805"]
[PlyCount "128"]
[EventDate "2019.06.26"]

1. d4 Nf6 2. c4 e6 3. Nf3 d5 4. Nc3 c6 5. e3 Nbd7 6. Qc2 Bd6 7. b3 O-O 8. Be2
b6 9. O-O Bb7 10. Bb2 Rc8 11. Rad1 c5 12. dxc5 Nxc5 13. cxd5 Nxd5 14. Bc4 Nb4
15. Qe2 Qe7 16. a3 Nc6 17. b4 Nd7 18. Ne4 Be5 19. Bd3 Bxb2 20. Qxb2 Rcd8 21.
Rd2 f6 22. Bb1 Nde5 23. Nxe5 Nxe5 24. Rc1 Rxd2 25. Qxd2 Rd8 26. Qe2 Qd7 27. Nc3
Rc8 28. Rd1 Qe7 29. Ne4 Bd5 30. f4 Nf7 31. Qd2 Qc7 32. Nf2 Nd6 33. e4 Bb3 34.
e5 Nf5 35. Re1 fxe5 36. fxe5 Qc3 37. Qxc3 Rxc3 38. Ne4 Rc7 39. Kf2 Bd5 40. Rd1
h6 41. Nd6 Nxd6 42. exd6 Rc6 43. Be4 Rxd6 44. Ke3 Kf7 45. Rc1 Ke7 46. Rc8 Rd7
47. Bxd5 Rxd5 48. a4 Kd6 49. h4 Re5+ 50. Kd3 Rh5 51. Rd8+ Ke7 52. Rg8 Kf7 53.
Ra8 a5 54. Ra6 axb4 55. Rxb6 Rxh4 56. a5 Rg4 57. a6 Rxg2 58. Kc4 Ra2 59. Kxb4
h5 60. Kb5 h4 61. Rc6 h3 62. Rc3 h2 63. Rf3+ Ke7 64. Rh3 g5 0-1

[Event "Croatia GCT 2019"]
[Site "Zagreb CRO"]
[Date "2019.06.30"]
[Round "5"]
[White "Mamedyarov, Shakhriyar"]
[Black "Aronian, Levon"]
[Result "1/2-1/2"]
[WhiteElo "2774"]
[BlackElo "2752"]
[PlyCount "78"]
[EventDate "2019.06.26"]

1. d4 Nf6 2. c4 e6 3. Nc3 Bb4 4. Nf3 d5 5. Qa4+ Nc6 6. Bg5 dxc4 7. a3 Bxc3+ 8.
bxc3 Qd5 9. Bxf6 gxf6 10. g3 Bd7 11. Qc2 Na5 12. e4 Qd6 13. Bg2 Nb3 14. Rd1
Qxa3 15. O-O O-O-O 16. Qe2 Bb5 17. Rb1 c6 18. Rfd1 a5 19. Nd2 Nxd4 20. cxd4
Rxd4 21. Ra1 Qb2 22. Rab1 c3 23. Qf3 Rxd2 24. Rxb2 cxb2 25. Bf1 Rhd8 26. Rb1
Bxf1 27. Kxf1 Rc2 28. Kg2 Rdd2 29. Qxf6 a4 30. Kh3 Rxf2 31. Qh8+ Kc7 32. Qd4 f6
33. Qxa4 Rxh2+ 34. Kg4 h5+ 35. Kf4 Rhf2+ 36. Ke3 Rfe2+ 37. Kf3 Rf2+ 38. Ke3
Rfe2+ 39. Kf3 Rf2+ 1/2-1/2

[Event "Croatia GCT 2019"]
[Site "Zagreb CRO"]
[Date "2019.07.01"]
[Round "6"]
[White "Ding, Liren"]
[Black "Nepomniachtchi, Ian"]
[Result "1-0"]
[WhiteElo "2805"]
[BlackElo "2775"]
[PlyCount "69"]
[EventDate "2019.06.26"]

1. c4 e5 2. g3 Nf6 3. Bg2 d5 4. cxd5 Nxd5 5. Nf3 Nc6 6. O-O Be7 7. d4 e4 8. Ne5
f5 9. Nxc6 bxc6 10. Qc2 Nb4 11. Qa4 Bd7 12. a3 Nd5 13. Nc3 Bd6 14. f3 exf3 15.
Bxf3 Nb6 16. Qb3 Qf6 17. Be3 Qg6 18. Bf2 h5 19. e4 h4 20. exf5 Qxf5 21. Rae1+
Kd8 22. Ne4 Qg6 23. Nxd6 cxd6 24. d5 c5 25. a4 Bxa4 26. Qa3 Re8 27. b4 Rc8 28.
bxc5 Rxe1 29. Rxe1 hxg3 30. hxg3 dxc5 31. Kg2 Qc2 32. Qe3 Rc7 33. Qe6 Rd7 34.
d6 Kc8 35. Rh1 1-0

[Event "Croatia GCT 2019"]
[Site "Zagreb CRO"]
[Date "2019.07.01"]
[Round "6"]
[White "Carlsen, Magnus"]
[Black "Nakamura, Hikaru"]
[Result "1-0"]
[WhiteElo "2875"]
[BlackElo "2754"]
[PlyCount "85"]
[EventDate "2019.06.26"]

1. d4 Nf6 2. c4 e6 3. Nf3 d5 4. Nc3 Be7 5. Bf4 O-O 6. e3 c5 7. dxc5 Bxc5 8. a3
Nc6 9. Qc2 Re8 10. Bg5 Be7 11. Rd1 Qa5 12. Bd3 dxc4 13. Bxc4 h6 14. Bf4 Bd7 15.
O-O Rac8 16. e4 e5 17. Be3 Nd4 18. Bxd4 Rxc4 19. Bxe5 Ba4 20. b3 Nxe4 21. Rd3
Rec8 22. Qb2 Nc5 23. Re3 Bxb3 24. Bxg7 Rg4 25. Bxh6 Bf6 26. Ne5 Bxe5 27. Rxe5
Qb6 28. Qd2 Rg6 29. Be3 Qc6 30. Nd5 Bxd5 31. Qxd5 b6 32. g3 Nd7 33. Qxc6 Rgxc6
34. Rd5 Nf8 35. Rfd1 Ne6 36. a4 Rc4 37. a5 Rb4 38. Rd7 bxa5 39. Rxa7 a4 40.
Rdd7 Nd8 41. Rd5 Ne6 42. Rda5 Rcc4 43. Kg2 1-0

[Event "Croatia GCT 2019"]
[Site "Zagreb CRO"]
[Date "2019.07.01"]
[Round "6"]
[White "So, Wesley"]
[Black "Mamedyarov, Shakhriyar"]
[Result "1-0"]
[WhiteElo "2754"]
[BlackElo "2774"]
[PlyCount "58"]
[EventDate "2019.06.26"]

1. Nf3 Nf6 2. c4 g6 3. Nc3 Bg7 4. e4 e5 5. Nxe5 O-O 6. Nf3 Re8 7. Bd3 Nxe4 8.
Bxe4 Bxc3 9. dxc3 Rxe4+ 10. Be3 d6 11. c5 d5 12. h3 b6 13. O-O Bb7 14. Re1 Nd7
15. Nd2 Re8 16. Nb3 Qh4 17. Qd2 f6 18. f4 Qh5 19. Bf2 g5 20. c6 Bxc6 21. Nd4
Bb7 22. Nb5 Rxe1+ 23. Rxe1 Re8 24. Nxc7 Rxe1+ 25. Qxe1 d4 26. Qe7 Qf7 27. Qd8+
Nf8 28. Bxd4 gxf4 29. Ne8 Ne6 1-0

[Event "Croatia GCT 2019"]
[Site "Zagreb CRO"]
[Date "2019.07.01"]
[Round "6"]
[White "Vachier-Lagrave, Maxime"]
[Black "Caruana, Fabiano"]
[Result "0-1"]
[WhiteElo "2779"]
[BlackElo "2819"]
[PlyCount "74"]
[EventDate "2019.06.26"]

1. e4 e5 2. Nf3 Nc6 3. Bb5 a6 4. Ba4 Nf6 5. O-O Bc5 6. c3 b5 7. Bb3 d6 8. a4
Bb7 9. d3 h6 10. axb5 axb5 11. Rxa8 Qxa8 12. Nh4 Bc8 13. Na3 Bg4 14. Qc2 Qb8
15. Kh1 g5 16. Nf5 Bxf5 17. exf5 O-O 18. Qd1 Na5 19. Bxf7+ Rxf7 20. b4 Bxb4 21.
cxb4 Nc6 22. Nc2 Qc8 23. g4 Qa8 24. f3 Qa2 25. d4 Re7 26. dxe5 dxe5 27. Qd3 e4
28. Qc3 Ne5 29. f4 Nd5 30. Qh3 Nf3 31. Ne1 Nxe1 32. Rxe1 e3 33. fxg5 hxg5 34.
Qg2 Qc4 35. Qf3 Re4 36. h3 Rf4 37. Qg3 Rf1+ 0-1

[Event "Croatia GCT 2019"]
[Site "Zagreb CRO"]
[Date "2019.07.01"]
[Round "6"]
[White "Aronian, Levon"]
[Black "Karjakin, Sergey"]
[Result "1-0"]
[WhiteElo "2752"]
[BlackElo "2748"]
[PlyCount "109"]
[EventDate "2019.06.26"]

1. e4 e5 2. Nf3 Nc6 3. Bb5 Nf6 4. O-O Nxe4 5. d4 Nd6 6. Bxc6 dxc6 7. dxe5 Nf5
8. Qxd8+ Kxd8 9. h3 Be7 10. Nc3 Nh4 11. Nxh4 Bxh4 12. f4 Bd7 13. Bd2 Kc8 14.
Be1 Be7 15. f5 Bc5+ 16. Bf2 Bb4 17. g4 Re8 18. Bg3 Bc5+ 19. Kh2 Bd4 20. Rae1 b6
21. Nd1 Kb7 22. c3 Bc5 23. Nf2 Be7 24. e6 fxe6 25. fxe6 Bc8 26. Nd3 Bf6 27.
Rxf6 gxf6 28. Nf4 Rd8 29. Re2 Rd1 30. Bh4 c5 31. Bxf6 Kc6 32. e7 Bd7 33. g5 Be8
34. Ne6 Bh5 35. Rf2 Bg6 36. h4 Kd7 37. Nf4 Bb1 38. a3 Rg8 39. Ng2 Re8 40. Ne3
Rd3 41. Re2 Ke6 42. Kg3 Kf7 43. Kf4 h6 44. Re1 hxg5+ 45. hxg5 Ba2 46. Ng4 Rh3
47. Ne5+ Ke6 48. Kg4 Rh7 49. Nf3+ Kf7 50. Kf5 Kg8 51. g6 Rh5+ 52. Kg4 Rh6 53.
Nh4 Bf7 54. gxf7+ Kxf7 55. Bg5 1-0

[Event "Croatia GCT 2019"]
[Site "Zagreb CRO"]
[Date "2019.07.01"]
[Round "6"]
[White "Giri, Anish"]
[Black "Anand, Viswanathan"]
[Result "1/2-1/2"]
[WhiteElo "2779"]
[BlackElo "2767"]
[PlyCount "118"]
[EventDate "2019.06.26"]

1. e4 e5 2. Nf3 Nc6 3. Bb5 a6 4. Ba4 Nf6 5. O-O Nxe4 6. d4 b5 7. Bb3 d5 8. dxe5
Be6 9. Qe2 Be7 10. Rd1 O-O 11. c4 bxc4 12. Bxc4 Bc5 13. Be3 Bxe3 14. Qxe3 Qb8
15. Bb3 Na5 16. Nbd2 Qa7 17. Nxe4 Qxe3 18. fxe3 Nxb3 19. axb3 dxe4 20. Nd4 Rfb8
21. Rdc1 Bxb3 22. Rxc7 Be6 23. Rd1 Rxb2 24. Nxe6 fxe6 25. Rdd7 Rb1+ 26. Kf2
Rb2+ 27. Kg3 Kh8 28. Rxg7 Rg8 29. Rxg8+ Kxg8 30. Rc6 Kf7 31. Rxa6 Re2 32. h4 h5
33. Ra7+ Kg6 34. Re7 Rxe3+ 35. Kf4 Re1 36. Rxe6+ Kg7 37. Re7+ Kg6 38. Re6+ Kg7
39. Rf6 e3 40. Ke4 e2 41. Rf2 Kg8 42. g3 Rg1 43. Rxe2 Rxg3 44. Rf2 Kg7 45. Kf5
Kf7 46. Rf4 Ke7 47. Re4 Rg1 48. Ra4 Rf1+ 49. Kg6 Ke6 50. Ra5 Rh1 51. Kg5 Rh2
52. Kxh5 Kf5 53. Ra6 Kxe5 54. Kg5 Rg2+ 55. Kh6 Kf5 56. h5 Rh2 57. Rb6 Rh1 58.
Ra6 Rh2 59. Kg7 Rxh5 1/2-1/2

[Event "10th Danzhou GM 2019"]
[Site "Danzhou CHN"]
[Date "2019.06.30"]
[Round "1"]
[White "Rapport, R."]
[Black "Artemiev, V."]
[Result "1/2-1/2"]
[WhiteElo "2735"]
[BlackElo "2761"]
[PlyCount "69"]
[EventDate "2019.06.30"]

1. Nf3 Nf6 2. c4 c6 3. d4 d5 4. Qb3 e6 5. Bg5 Nbd7 6. Nc3 Qa5 7. Bd2 Qb6 8. Qc2
Be7 9. e3 O-O 10. Rc1 Qd8 11. Be2 b6 12. O-O Bb7 13. cxd5 cxd5 14. Bd3 Rc8 15.
Qb1 a6 16. a4 Bd6 17. Ne2 Ne4 18. Rxc8 Qxc8 19. Rc1 Qb8 20. Be1 h6 21. h3 Rc8
22. b4 Be7 23. b5 a5 24. Rc2 Bd6 25. Rxc8+ Qxc8 26. Nd2 Nxd2 27. Bxd2 Kf8 28.
Bc3 Qc7 29. Qa1 Nf6 30. Bb2 Bb4 31. Bc3 Be7 32. Bb2 Bb4 33. Bc3 Be7 34. Bb2 Bb4
35. Bc3 1/2-1/2

[Event "10th Danzhou GM 2019"]
[Site "Danzhou CHN"]
[Date "2019.06.30"]
[Round "1"]
[White "Wang Hao"]
[Black "Wei Yi"]
[Result "1/2-1/2"]
[WhiteElo "2737"]
[BlackElo "2741"]
[PlyCount "49"]
[EventDate "2019.06.30"]

1. d4 Nf6 2. c4 e6 3. Nc3 Bb4 4. Qc2 O-O 5. e4 d5 6. e5 Ne4 7. a3 Bxc3+ 8. bxc3
c5 9. Bd3 Qa5 10. Ne2 cxd4 11. cxd5 exd5 12. f3 Nxc3 13. Nxd4 Ne4+ 14. Ke2 f5
15. e6 Nc6 16. Nxc6 bxc6 17. e7 Re8 18. Qxc6 Rxe7 19. Qxa8 Ng3+ 20. Kd1 Qc3 21.
Bd2 Qxa1+ 22. Bc1 Qc3 23. Bd2 Qa1+ 24. Bc1 Qc3 25. Bd2 1/2-1/2